El gobierno pedagg̤ico Del arte de educar a las tradiciones pedagg̤icas /

Detalles Bibliográficos
Autor principal: Noguera Ramr̕ez, Carlos Ernesto
Formato: eBook
Lenguaje:español
Publicado: Bogot:̀ Siglo del Hombre Editores, 2012
Materias:
Acceso en línea:Acceso restringido

MARC

LEADER 00000nam a22000007a 4500
005 20210429215748.0
007 cr|||| ||||
008 210429s2012 co |||||s|||| 00||0 spa d
020 |a 978-958-665-208-7 
035 |a 33195 
040 |a vLex 
090 |c 11564  |d 11564 
100 1 |a Noguera Ramr̕ez, Carlos Ernesto 
245 1 2 |a El gobierno pedagg̤ico  |h [Recurso electrn̤ico] :  |b Del arte de educar a las tradiciones pedagg̤icas /  |c Carlos Ernesto Noguera Ramr̕ez 
256 |a Servicio en ln̕ea 
260 |a Bogot:̀  |b Siglo del Hombre Editores,  |c 2012 
300 |a 1 recurso electrn̤ico 
500 |a -El estatuto del saber histr̤ico en el campo de la educacin̤ no se agota en una historia historiogrf̀icamente correcta, detallada, llena de fuentes de archivo y con notas a pie de pg̀ina bien hechas y consistentes. Carlos Noguera, con su trabajo, nos recuerda que los momentos de sn̕tesis y la gran narracin̤ acompaąn al saber educativo como un fantasma, y que la audacia intelectual vinculada con este tipo de ejercicios no desmiente la historiografa̕ prolija sino que le otorga un espacio adicional de despliegue y de interpretacin̤.- Prl̤ogo de Marcelo Caruso, Universidad de Humboldt, Berln̕. Coedicin̤ con el grupo Historia de la prc̀tica pedagg̤ica, Universidad de Antioquia, Colombia. 
506 1 |a Disponible solo en los productos indicados  |d vLex Global  |d vLex Global (Academic Edition, excluding Law Schools)  |d vLex Global (U.S. Academic Edition, Law Schools)  |d vLex Global (U.S. Academic Edition, excluding Law Schools)  |d vLex Global (Academic Edition, Law Schools) 
650 0 4 |a Educacin̤  |z Colombia 
740 0 |a vLex Libros (Servicio en ln̕ea) 
856 4 0 |u https://vlex.com/source/gobierno-pedagogico-del-arte-de-educar-a-las-tradiciones-pedagogicas-33195  |z Acceso restringido 
942 |c BOOK 
999 0 |a Education